• 首页
  • 本馆介绍
  • 公告通知
  • 最新文献
  • 馆藏检索
  • 电子资源
  • 读者导购
  • 参考咨询
  • 我的图书馆
  • 登录
  • 详细信息显示
  • 放入我的书架
  • 预约/预借图书
  • 作者相关作品
  • 分类相关作品
  • 丛书相关作品
  • 出版社相关作品

书目信息

  • 表格格式
  • 工作单格式
  • 卡片格式
题名:
2010年考研英语专项突破
    
 
作者: 韩鹏 主编
分册:   阅读理解A、B节
出版信息: 北京   高等教育出版社  2009
页数: 351页
开本: 26cm
丛书名:
单 册:
中图分类: H31
科图分类:
主题词: 英语
电子资源:
ISBN: 7-04-026550-8
000 00648nam0 2200205 450
001 0951747362
005 20091019142341.39
010    @a7-04-026550-8@dCNY38.00
100    @a20091019d2009 km y0chiy0120 ea
101 0  @achi
102    @aCN@b110000
200 1  @a2010年考研英语专项突破@i阅读理解A、B节@A2010 nian kao yan ying yu zhuan xiang tu po@f韩鹏主编@Fhan peng zhu bian
210    @a北京@c高等教育出版社@d2009
215    @a351页@d26cm
517 1  @a阅读理解A、B节@Ayue du li jie A、B jie
606 0  @a英语
690    @aH31@v4
701  0 @a韩鹏@Ahan peng@4主编
801  0 @aCN@b大连网信软件有限公司图书馆·11@c20091019
905    @aZUCC@dH31@e1429
    
    2010年考研英语专项突破.阅读理解A、B节/韩鹏主编.-北京:高等教育出版社,2009
    351页;26cm
    
    
    ISBN 7-04-026550-8:CNY38.00
    
●
相关链接 在E读中查询图书 在五车中查询图书 在当当中查询图书 在豆瓣中查询图书


正题名:2010年考研英语专项突破     索取号:H31/1429         预约/预借

序号 登录号 条形码 馆藏地/架位号 状态 备注
1 0625087   206250876   第二样本阅览室/ [索取号:H31/1429] 在馆    
2 0625088   206250885   第四借阅区/ [索取号:H31/1429] 在馆    
3 0625089   206250894   第四借阅区/ [索取号:H31/1429] 在馆    
4 0625090   206250901   第四借阅区/ [索取号:H31/1429] 在馆    
5 0625091   206250910   第四借阅区/ [索取号:H31/1429] 在馆    
6 0625092   206250929   第四借阅区/ [索取号:H31/1429] 在馆    
唐山师范学院图书馆 欢迎您!
大连网信软件有限公司© 版权所有